[Event "Herzliya op"]
[Site "Herzliya"]
[Date "2008.09.03"]
[Round "2"]
[White "Ben Artzi, Ido"]
[Black "Filosof, Asi"]
[Result "1-0"]
[WhiteElo "2103"]
[BlackElo "1981"]
[PlyCount "75"]
[EventDate "2008.09.02"]
[EventType "swiss"]
[EventRounds "9"]
[EventCountry "ISR"]
[SourceTitle "CBM 126 Extra"]
[Source "ChessBase"]
[SourceDate "2008.11.05"]
[SourceVersion "1"]
[SourceVersionDate "2008.11.05"]
[SourceQuality "1"]

1. e4 g6 2. d4 Bg7 3. Nf3 d6 4. h3 Nd7 5. Bc4 e6 6. 0-0 a6 7. a4 b6 8. Re1 Bb7 9. c3 Ne7 10. Bb3 0-0 11. Nbd2 h6 12. Nf1 c5 13. Ng3 Qc7 14. Be3 b5 15. Qd2 Kh7 16. Rad1 Rad8 17. axb5 axb5 18. Bc2 Nb6 19. b3 c4 20. b4 Ra8 21. Ra1 Rfd8 22. Nh2 e5 23. d5 Nd7 24. h4 Rf8 25. h5 Nf6 26. f3 Rg8 27. hxg6+ fxg6 28. f4 exf4 29. Bxf4 Nd7 30. Ng4 h5 31. Nxh5 gxh5 32. e5+ Ng6 33. Bxg6+ Kxg6 34. Qc2+ Kf7 35. e6+ Ke7 36. exd7+ Be5 37. Qh7+ Kf8 38. Bh6+ 1-0